The worlds smallest countries in population. - Statistics

General Stats
  • This quiz has been taken 22 times
  • The average score is 8 of 10
Answer Stats
Population Country % Correct
800 Vatican City
95%
39,511 Monaco
89%
10,876 Nauru
89%
18,169 Palau
89%
34,017 San Marino
89%
11,931 Tuvalu
84%
38,250 Liechtenstein
79%
59,610 Marshall Islands
79%
53,544 Saint Kitts and Nevis
79%
72,167 Dominica
58%
No matching quizzes found
Score Distribution
Percent of People with Each Score
Percentile by Number Answered
Your Score History
You have not taken this quiz